La batalla de las ideas: 1943-1973
সংরক্ষণ করুন:
| প্রধান লেখক: | |
|---|---|
| বিন্যাস: | গ্রন্থ |
| ভাষা: | স্প্যানিশ |
| প্রকাশিত: |
Buenos Aires
Planeta
2001
|
| মালা: | Biblioteca del Pensamiento Argentino, 7
|
| বিষয়গুলি: | |
| ট্যাগগুলো: |
ট্যাগ যুক্ত করুন
কোনো ট্যাগ নেই, প্রথমজন হিসাবে ট্যাগ করুন!
|
MARC
| LEADER | 00000nam a2200000 a 4500 | ||
|---|---|---|---|
| 001 | UCL9043 | ||
| 003 | CL-VaPUC | ||
| 008 | 040716e20010000AG |||||||||||||||||spa|d | ||
| 020 | |a 9509122750 | ||
| 082 | 0 | 4 | |a 301 |b SAR |2 21 |
| 100 | 0 | |a Sarlo, Beatriz |e author |9 486944 | |
| 245 | 1 | 3 | |a La batalla de las ideas: 1943-1973 |
| 300 | |a 468 p | ||
| 942 | |c BK | ||
| 945 | |d 20040716 00:00:00 |a cmena | ||
| 260 | |a Buenos Aires |b Planeta |c 2001 | ||
| 650 | 0 | |a Antropología cultural y social |9 265143 | |
| 650 | 0 | |a Sociología |9 255410 | |
| 650 | 0 | |a Cultura de masas |9 334655 | |
| 650 | 0 | |a Cristianismo |9 257361 | |
| 650 | 0 | |a Poder político |9 255509 | |
| 650 | 7 | |a FILOSOFIA POLITICA |2 CL-VaPUC |9 486945 | |
| 650 | 0 | |a Educación superior |9 223851 | |
| 583 | |a last modification |c 20040716 00:00:00 |k Rodrigo Vera | ||
| 490 | 0 | |a Biblioteca del Pensamiento Argentino, 7 | |
| 999 | |c 310041 |d 310039 | ||
| 952 | |0 0 |1 0 |4 0 |6 301_000000000000000_SAR_2001 |7 0 |8 A |9 378072 |a BIBEDU |b BIBEDU |d 2019-11-21 |i 4036638 |o 301 SAR 2001 |p 4036638 |r 2019-11-21 |w 2019-11-21 |y BK |k PSI | ||